Statystyki dla Głowy państw Europy

Kliknij tutaj aby rozwiązać quiz!

Ogólne statystyki

  • Ten quiz został rozwiązany 347 razy
  • Średni wynik to 26 z 46

Statystyki odpowiedzi

Odpowiedź% Poprawnych
Wielka Brytania
99%
Polska
98%
Watykan
97%
Białoruś
93%
Francja
85%
Rosja
81%
Albania
75%
Bułgaria
74%
Grecja
73%
Ukraina
73%
Portugalia
72%
Włochy
72%
Hiszpania
69%
Turcja
69%
Dania
65%
Czarnogóra
62%
Holandia
59%
Islandia
59%
Niemcy
59%
Serbia
59%
Szwecja
59%
Chorwacja
56%
Belgia
54%
Irlandia
54%
Andora
53%
Norwegia
51%
Słowacja
51%
Kazachstan
50%
Austria
49%
Czechy
49%
Liechtenstein
46%
Luksemburg
46%
Mołdawia
45%
Monako
44%
Finlandia
42%
Bośnia i Hercegowina
41%
Litwa
40%
Węgry
38%
Estonia
37%
Łotwa
37%
San Marino
37%
Macedonia Północna
32%
Malta
30%
Rumunia
29%
Słowenia
27%
Szwajcaria
27%

Rozkład punktacji

Percentyl według liczby udzielonych odpowiedzi

Procent ludzi z każdym wynikiem

Twoja historia wyników

Nie rozwiązałeś tego quizu